[Event "Tilburg Fontys"]
[Site "Tilburg"]
[Date "1996.10.23"]
[Round "11"]
[White "Van Wely, Loek"]
[Black "Piket, Jeroen"]
[Result "0-1"]
[WhiteElo "2605"]
[BlackElo "2580"]
[Annotator "Huzman,A"]
[PlyCount "120"]
[EventDate "1996.10.11"]
[EventType "tourn"]
[EventRounds "11"]
[EventCountry "NED"]
[EventCategory "16"]
[SourceTitle "CBM 056"]
[Source "ChessBase"]
[SourceDate "1997.02.01"]
[SourceVersion "1"]
[SourceVersionDate "1997.02.01"]
[SourceQuality "1"]

1. c4 Nf6 2. Nc3 g6 3. e4 d6 4. d4 Bg7 5. Nf3 O-O 6. Be2 Bg4 7. Be3 Nfd7 8. Ng1
({By the last move the white strengthen their centre and limit the counterplay
of the black,which they show in the next games} 8. Rc1 a6 9. d5 (9. O-O Bxf3
10. Bxf3 c5 11. d5 b5 $13 {van Wely-Piket (Dordrecht Blitz 1996, 0-1)}) 9...
Bxf3 10. Bxf3 b5 $1 11. cxb5 axb5 12. Qb3 c5 13. Qxb5 Qa5 $1 $44 {
Kramnik-Piket (Amsterdam VSB 1996, 1/2)}) 8... Bxe2 9. Ngxe2 c5 10. d5 ({
The structure,which is characterizing for the system of Marotsy of the variant
of dragon,appeared after} 10. O-O cxd4 11. Nxd4 Nc6 $14) 10... a6 11. a4 Qa5
12. Bd2 (12. O-O Ne5 (12... Qb4 $5 13. a5 b5 $1 (13... Qxb2 $2 14. Ra2 Qb4 15.
Ra4 Qb2 16. Bc1 $18)) 13. b3 Nxc4 14. bxc4 Bxc3 15. Rb1 (15. Nxc3 Qxc3 16. Qb1
Qb4 (16... Nd7 17. Qxb7 Rfd8 $13) 17. Qc2 $44) 15... Bb4 $13) (12. Qc2 $2 b5 $1
13. cxb5 axb5 14. O-O b4 15. Nb1 Nb6 16. Nd2 Qa6 $17) 12... Ne5 13. b3 Nd3+ 14.
Kf1 Nd7 15. g3 Rae8 16. Kg2 Nb4 (16... e6 17. Nb5 Qd8 18. Nxd6 Bxa1 (18... exd5
19. cxd5 (19. Bc3 Bxc3 20. Nxc3 Nxf2 21. Kxf2 Qf6+) (19. Nxe8 Bxa1 20. Nd6 Qf6
21. Be3 d4 (21... N7e5 22. f4 $18) 22. Qxd3 (22. f4 Qxd6 23. Qxd3 Bb2 $13)
22... Ne5 (22... dxe3 23. f4 Bd4 24. e5 Nxe5 25. fxe5 Qf2+ 26. Kh3 Bxe5 27. Ne4
Qf3 28. Re1 $16)) 19... Qf6 20. Nxe8 Qxf2+ 21. Kh3 Bxa1 22. Nf4 Nxf4+ 23. Bxf4
Rxe8 24. Qxa1 Qf3 $17) 19. Qxa1 $16 (19. Nxe8 Be5 20. Bh6 Nb2 21. Qc2 Rxe8 22.
f4 Bh8 23. e5 Nxe5 24. fxe5 Bxe5 25. Bc1 Qf6 26. Rf1 Qg7 27. Nf4 g5 28. Nh5 Qh6
(28... Qg6 29. Qxg6+ hxg6 30. Nf6+ Bxf6 31. Rxf6 Nd3 32. dxe6 Rxe6 33. Rxe6
fxe6 34. Bxg5))) (16... Qd8 $2 $16 {Sosonko-Zueger (Luzern 1989)}) 17. Be3 (17.
Rf1 {Piket} e5 18. Na2 f5 19. f3 Nf6 $13) (17. Bf4 $5 Ne5 18. Qd2 Ned3 19. Bh6)
17... e5 18. dxe6 (18. Bd2 $5 {/\19.Na2 .The white plan is to close the
position at the king's side and to approach at the queen's one,using the
advantage in space[pawns a5 and d5]} Qc7 19. a5 f5 20. f3) 18... fxe6 19. Qxd6
Rf7 (19... Nc2 20. Qxd7 (20. Rad1 Nxe3+ 21. fxe3 Ne5 $44) 20... Nxa1 (20...
Bxc3 21. Raf1 Nxe3+ 22. fxe3 $16) (20... Nxe3+ 21. fxe3 Bxc3 22. Raf1 $16) 21.
Rxa1 Bxc3 22. Rd1 $1 {>~/=} (22. Nxc3 Qxc3 23. Rc1 Qxb3 24. Bxc5 Qf3+ 25. Kg1
Qxe4 $14)) 20. Rad1 (20. Rac1 Bf8 $1 {Piket} (20... Nc6 21. Rhd1 Nd4 22. Nxd4
cxd4 23. Rxd4 Bf8 24. Qxd7 Rxd7 25. Rxd7) 21. Qd2 Ne5 22. Rcd1 Rd7 23. Qc1 Ned3
24. Qb1 Bg7 $44) 20... Nc6 {/\ 21...Nd4 22.N:d4 c:d4 23.B:d4 Bf8 24.b4 Qd8-+}
21. Qd2 (21. Na2 $5 Nd4 (21... Qb6 22. Nac1 (22. b4 {Piket} Bf8 $1 {©/-/+}))
22. Nxd4 cxd4 23. Bxd4 Bf8 24. Bc3 $16 (24. Bc3 Qh5 25. Qd3 Nc5 26. Qe3)) 21...
Qb6 (21... Nde5 22. f4 Rd8 (22... Rd7 23. Qc1 Nd3 24. Qb1 $16 {/\ e4-e5}) (
22... Ng4 23. e5 $16) 23. Qc2 $16) 22. Qa2 Bd4 $1 23. a5 (23. Bxd4 cxd4 24. Nb1
Nc5 25. Nd2 d3 $17 26. Nf4 (26. Nc1 Rxf2+ 27. Kxf2 Nxe4+ 28. Kg2 Qf2+ 29. Kh3
Ng5+ 30. Kh4 (30. Kg4 Qf5+ 31. Kh4 Nf3+ 32. Nxf3 h5 (32... Qh5#)) 30... Qf5 $19
) 26... Nb4 $17) (23. Rd2 Nde5 $36) 23... Qb4 24. Bxd4 cxd4 25. Na4 e5 (25...
Qxa5 $1 {Piket} 26. Qd2 (26. Nxd4 Nxd4 27. Rxd4 b5 $19) 26... Qxd2 (26... Qh5 {
Piket} 27. Nf4 Rxf4 28. Qxf4 Rf8 29. g4 Rxf4 30. gxh5 Rg4+ 31. Kh3 {©/=/+}) (
26... Qe5 27. Qd3 $2 (27. f3 Qf6 $15) (27. Nxd4 Qxe4+ 28. f3 $14) 27... b5 28.
f4 Qh5 $17) 27. Rxd2 b5 28. cxb5 axb5 29. Nb2 (29. Rc1 Na5 $17) 29... Nc5 30.
Rc2 Nxe4 31. Nd3 $44 (31. f3 Nb4 $17)) 26. Nc1 Qxa5 27. Qd2 Qxd2 (27... Qb4 $5
{with idea 28...b5} 28. Qxb4 ({>=} 28. Qa2) 28... Nxb4 29. Nb2 Nc5 $17) (27...
Qc7 28. Nd3 b6 {/\ 29...a5=/+} 29. b4 $132) (27... Ref8 28. Rhf1 $140) 28. Rxd2
Nb4 29. Nb2 Nc5 30. Nbd3 Nbxd3 31. Nxd3 Nxb3 (31... Nxe4 32. Re2 Nc3 33. Rxe5
Rxe5 34. Nxe5 Re7 35. Re1 $11 (35. f4 $2 Rxe5 36. fxe5 d3 $19)) 32. Ra2 Rc7 (
32... Rc8 33. Nxe5 Re7 34. f4 Nc5 $13 35. Rd1 Rd8 36. Rad2 $11 (36. Kf3 $5 $13)
) 33. Rb1 Nc5 34. Nxc5 Rxc5 35. Rxb7 Re6 36. Rab2 (36. Ra7 $10 Rxc4 37. R2xa6 (
37. Rb2 Rc8 38. Rbb7 h5 $11) 37... Rxa6 38. Rxa6 $11) 36... Rf6 37. Re7 (37.
Rd7 Rf7 (37... Rxc4 38. Rb8+ Rf8 39. Rbb7 $14) 38. Rd5 Rxc4 39. Rxe5 Rd7 40.
Rd5 Rxd5 41. exd5 $11) 37... Rf7 38. Re6 $2 (38. Rxf7 Kxf7 39. Rb7+ Ke6 40.
Rb6+ $11) 38... Ra7 39. Rb8+ (39. Rbb6 a5 40. Ra6 Rcc7 41. Rec6 Rd7 $1 42. Rd6
$140 Rxd6 43. Rxa7 d3 $19 {Piket}) 39... Kf7 40. Rbe8 (40. Rbb6 a5 41. Ra6 Rcc7
42. Rec6 Rd7 43. Rd6 Ke8 {Piket}) 40... a5 41. Rxe5 Rxe5 42. Rxe5 a4 43. Rb5 a3
44. Rb1 d3 (44... Ke6 $1 45. f4 (45. Kf3 Kd6 46. Ke2 Kc5 47. Kd3 a2 48. Ra1
Ra3+ 49. Kd2 Kxc4) 45... Kd6 46. e5+ Kc5 47. Kf3 a2 48. Ra1 Ra3+ 49. Ke4 Re3# {
Piket}) 45. Kf1 (45. Kf3 $2 {Piket} a2 46. Ra1 Rd7 $1 {/\ d3-d2-d1Q -+}) 45...
Ke6 46. Ke1 Ke5 47. Kd2 Kxe4 48. c5 Ra6 49. Ra1 (49. Rc1 a2 50. Ra1 Kd5 $1 (
50... h5 $5 51. f4 $1 Kd5 52. Kxd3 Kxc5 53. Kc3 Kd5 54. Kb2 Ke4 55. Re1+ $1 Kf3
56. Ka1 $10) 51. Kxd3 Kxc5 52. Kc3 (52. Ke4 Kb4 {/\ Kb4-b3 -+}) 52... Kd5 53.
f3 h5 $1 54. g4 (54. h4 Ra3+ {/\ Ra3:f3:g3}) 54... h4 55. f4 Ke4 56. f5 gxf5
57. gxf5 Kxf5 $19 {Piket}) 49... Kd4 50. c6 Rxc6 51. Rxa3 Rc2+ 52. Ke1 Re2+ 53.
Kf1 (53. Kd1 Rxf2 $19 {Piket}) 53... Re7 54. Ra8 d2 55. Rd8+ Kc3 56. Rc8+ Kb3
57. Rb8+ Kc4 58. Rc8+ Kd3 59. Rd8+ Kc2 60. Rc8+ Kd1 0-1

[Event "Vidmar Memorial 12th "]
[Site "Portoroz"]
[Date "1997.??.??"]
[Round "9"]
[White "Zvjaginsev, Vadim"]
[Black "Kozul, Zdenko"]
[Result "1-0"]
[WhiteElo "2635"]
[BlackElo "2605"]
[Annotator "Mikhalchishin,A"]
[PlyCount "73"]
[EventDate "1997.07.05"]
[EventType "tourn"]
[EventRounds "9"]
[EventCountry "SLO"]
[EventCategory "15"]
[SourceTitle "CBM 061"]
[Source "ChessBase"]
[SourceDate "1997.11.23"]
[SourceVersion "1"]
[SourceVersionDate "1997.11.23"]
[SourceQuality "1"]

1. Nf3 Nf6 2. c4 g6 3. Nc3 Bg7 4. e4 d6 5. d4 O-O 6. Be2 Na6 $5 7. Bf4 (7. e5
$5 dxe5 8. dxe5 Ng4 9. Bf4) (7. Bg5) 7... Bg4 $6 (7... c5 $142 $1 {untested}) (
7... Nh5 8. Bg5 h6 9. Be3 e5 10. g3 Nf6 11. d5 Ng4 12. Bd2 c6 13. h3 Nf6 14.
Be3 Nc5 15. Nd2 a5 16. h4 h5 17. f3 Bd7 18. Nb3 Nxb3 19. axb3 Qc7 20. Qd2 Rfb8
21. O-O cxd5 22. Nxd5 Nxd5 23. cxd5 Qd8 24. Rf2 Rc8 {1/2-1/2 Zvjaginsev,
V-Tkachiev,V/Biel 1995/CBM 49}) 8. h3 (8. Qd2 e5 9. dxe5 dxe5 10. Bxe5 Re8 11.
Bxf6 Qxf6 12. O-O Rad8 13. Qe3 Qb6 14. Qxb6 axb6 15. Rac1 Nc5 16. Rfd1 Rxd1+
17. Nxd1 Nxe4 18. Rc2 Bh6 19. Nd4 Bc8 20. f3 Nc5 21. Kf2 Rd8 22. Nb3 Bf5 23.
Rc3 Na4 24. g4 Nxc3 25. Nxc3 Be6 26. Nb5 c6 27. N5d4 Bg7 28. Ke3 c5 {0-1
Mellado,J-Vidarte Morales,A/Castellar op 1995/EXT 95op2}) 8... Bxf3 9. Bxf3 Nd7
(9... c5 $2 10. e5 $1) 10. Bg5 c5 (10... h6 $142 11. Bh4 Qe8 12. O-O e5 13. d5
f5) 11. d5 Qb6 12. Qd2 Rfe8 (12... e6 13. O-O (13. dxe6 fxe6 14. Be7 Rxf3 $1
15. gxf3 Ne5 $13) (13. Be7 Rfe8 14. dxe6 Bxc3 15. Qxc3 Rxe7 16. exd7 Rxd7 17.
O-O Nb4 {[%cal Gb4c6,Gc6d4]}) 13... exd5 (13... Nc7 14. dxe6 Nxe6 (14... fxe6
15. Be7 $16) 15. Be7 Rfe8 16. Nd5 $36) 14. Nxd5 Qxb2 15. Qxb2 Bxb2 16. Rab1 Bg7
17. Be7 $14) 13. O-O Nc7 14. Rab1 Qa5 15. Be2 a6 16. a4 e6 17. Qc2 exd5 18.
exd5 $1 (18. cxd5 $2 b5 $132) 18... Qb6 19. Ne4 $1 Bf8 (19... f5 20. a5 $1 $16)
20. Bf4 {/\a4-a5} a5 21. Rfe1 f5 22. Ng5 Ne5 (22... h6 23. Ne6 $1 Nxe6 24. dxe6
Rxe6 25. Bf3 Rxe1+ 26. Rxe1 Nf6 27. g4 $1 g5 28. Qxf5 $36) 23. g4 $1 {^^} fxg4
24. Bxg4 Bg7 25. Re4 $1 Nxg4 26. hxg4 Rxe4 27. Nxe4 Ne8 28. Qe2 $1 {/\29.Ng5,
30. Qe6} h6 29. g5 $1 h5 30. Nf6+ $1 Nxf6 (30... Bxf6 31. Qe6+ Kg7 32. gxf6+
Nxf6 33. Qe7+ $18) 31. Qe6+ Kh8 32. gxf6 Bf8 33. Qf7 Qb3 34. Qxg6 Qf3 35. Bxd6
Qg4+ 36. Qxg4 hxg4 37. Be7 1-0

[Event "NED-Cup sf"]
[Site "Netherlands"]
[Date "1998.06.07"]
[Round "?"]
[White "Van Wely, Loek"]
[Black "Glek, Igor Vladimirovich"]
[Result "1-0"]
[WhiteElo "2615"]
[BlackElo "2565"]
[Annotator "Glek,I"]
[PlyCount "75"]
[EventDate "1998.??.??"]
[EventType "k.o."]
[EventRounds "1"]
[EventCountry "NED"]
[SourceTitle "CBM 066"]
[Source "ChessBase"]
[SourceDate "1998.09.30"]
[SourceVersion "1"]
[SourceVersionDate "1998.09.30"]
[SourceQuality "1"]

1. d4 Nf6 2. c4 g6 3. Nc3 Bg7 4. e4 d6 5. Nf3 O-O 6. Be2 Na6 7. O-O c6 8. Be3
Ng4 9. Bg5 h6 10. Bh4 Nf6 11. e5 Nh5 $6 (11... dxe5 12. Nxe5 Nc7 13. Re1 Ne6
14. Nf3 Nf4) (11... Ne8) 12. Qc1 $1 dxe5 13. dxe5 Nc5 $6 (13... Qc7 $5 14. h3
f5 15. exf6 exf6) 14. Ne1 $1 f5 15. Qe3 (15. Bxh5 gxh5 16. Qe3 Ne6 17. f4 $16)
15... Ne6 16. Bxh5 f4 17. Qe2 (17. Qd3 $1) 17... gxh5 18. Qxh5 f3 $1 19. g3 Nd4
20. Rd1 Be6 21. Bxe7 $6 (21. Nc2 c5 22. Nxd4 cxd4 23. b3 $44) 21... Ne2+ 22.
Nxe2 Qxd1 23. Nc3 Qd7 24. Bxf8 Rxf8 25. Nc2 Bxc4 $6 (25... Qd2 $1 26. Ne3 Qxb2
27. Qg6 Bf7 (27... Bh3 28. e6 $5) 28. Qd3 Bxe5 $17) 26. Rd1 Qf7 27. Qg4 Be6 28.
Qa4 Bxe5 $6 (28... a6 $1) 29. Qxa7 Bxc3 30. bxc3 Bxa2 31. Ne3 Be6 32. Qc5 Qf6
33. Rd6 $1 Ra8 $6 (33... Rd8 34. Ng4 $3 Bxg4 35. Qc4+ $1 $16) (33... Kg7 $5 $14
) 34. h4 Qf7 $6 35. Qd4 Re8 $2 36. Ng4 $1 $18 Bxg4 37. Qxg4+ Kh7 38. h5 1-0

[Event "New York op"]
[Site "New York"]
[Date "1998.03.22"]
[Round "9"]
[White "Aleksandrov, Aleksej"]
[Black "Smirin, Ilia"]
[Result "1/2-1/2"]
[WhiteElo "2615"]
[BlackElo "2590"]
[Annotator "Huzman,A"]
[PlyCount "79"]
[EventDate "1998.03.16"]
[EventType "swiss"]
[EventRounds "9"]
[EventCountry "USA"]
[SourceTitle "CBM 064"]
[Source "ChessBase"]
[SourceDate "1998.06.02"]
[SourceVersion "1"]
[SourceVersionDate "1998.06.02"]
[SourceQuality "1"]

1. Nf3 Nf6 2. c4 g6 3. Nc3 Bg7 4. d4 O-O 5. e4 d6 6. Be2 Na6 7. Bg5 h6 8. Bh4
g5 9. Bg3 Nh5 10. Qd2 (10. h4 Nxg3 11. fxg3 g4 12. Nh2 h5 13. O-O c6 (13... e5
14. d5 Qe7 15. Bd3 Nc5 16. Bc2 a5 17. Qe2 $11 {0-1 McKenna,J-Regan,N/
Philadelphia World op 1991 (42)}) 14. Qd2 Qb6 15. Rad1 e5 16. c5 Qb4 17. Bxa6
bxa6 18. cxd6 exd4 19. Ne2 Qxd6 $17 {Ghorbani,M-Al Modiahki,M/Asia-chT 1995/1/
2-1/2 (60)}) (10. O-O c5 11. d5 Nc7 12. Qd2 (12. Re1 a6 13. a4 Rb8 14. Bd3 Nxg3
15. hxg3 e6 16. e5 exd5 17. cxd5 Bg4 $132 {1-0 Laketic,G-Winsnes,R/Bozen op
1992 (40)}) 12... f5 13. exf5 Bxf5 14. Rae1 Qd7 15. Ne5 Qe8 16. Bxh5 Qxh5 17.
Nd3 $14 {Yakovich,Y-Sotnikov,I/RUS-ch 1995/1/2-1/2 (58)}) 10... e6 11. e5 (11.
O-O-O f5 12. exf5 exf5 13. Ne1 Nxg3 14. hxg3 c6 15. Nc2 Bd7 16. f4 g4 17. Bd3
Qf6 $15 {Orso,M-Mochalov,E/Kobanya op 1992/1/2-1/2 (59)}) (11. Ng1 Nxg3 12.
hxg3 c5 13. d5 exd5 14. cxd5 f5 15. exf5 Bxf5 16. Bxa6 bxa6 17. Nge2 c4 $17 {
Polak,T-Glek,I/Vienna/1996/1:0/37/ (18)}) 11... Nxg3 (11... g4 12. Bh4 Qd7 13.
Qe3 $1 f5 $6 (13... gxf3 14. Bxf3 dxe5 15. dxe5 Nb4 16. O-O Nc2 17. Qe4 Nxa1
18. Bxh5 $44) 14. O-O-O $1 Qc6 (14... gxf3 15. Qxf3 $16) 15. Rhg1 $1 d5 16. c5
$16 {1-0 Aleksandrov,A-Babula,V/Erevan olm 1996 (40)}) 12. hxg3 dxe5 13. Nxe5
c5 14. Ng4 $1 cxd4 (14... Qxd4 15. Nxh6+ Bxh6 16. Rxh6 Qxd2+ 17. Kxd2 $16) 15.
Nb5 Re8 (15... Kh7 16. f4 $1 gxf4 17. Nxh6 Bxh6 18. Qxf4 $18) 16. Nxh6+ (16.
O-O-O $5 $40) 16... Kf8 17. Nxf7 $5 (17. O-O-O e5 18. f4 $36 {[%csl Rf8]})
17... Kxf7 18. Bh5+ Kg8 19. Bxe8 Qxe8 20. Qxg5 $14 Bd7 (20... e5 21. Nd6 Qf8
22. Qg6 $16) 21. Nxd4 (21. Nd6 Qf8 22. c5 Bc6 $132 {[%cal Yf8f6]}) 21... Rc8 $1
22. b3 Rc5 $1 23. Qh4 Qg6 $1 $132 {[%csl Re1]} 24. Rd1 Be8 25. Kf1 Rc7 {
[%cal Yc7f7,Yf7f2]} 26. Nf3 Rf7 {The black regrouped their pieces and are
ready to organize the counterplay.} 27. Qd8 Rf8 28. Qd6 Qf5 {[%cal Ye8c6,Yf8f2]
} 29. Rh4 $1 e5 30. g4 (30. Qd5+ Rf7) (30. Qd5+ Rf7 31. Qd3 $14 {/+/-}) 30...
Qc2 31. g5 (31. Qd2 $5) 31... e4 32. Rd2 (32. Qd2 Qxd2 33. Nxd2 e3 $14) (32.
Qd5+ Bf7 33. Qd2 Qxd2 34. Nxd2 e3 $14) 32... Qc1+ 33. Ne1 Nc5 {[%cal Yc5d3]}
34. g6 Bxg6 35. Qxg6 Qxd2 $11 36. Qh7+ Kf7 37. Qf5+ Kg8 38. Qh7+ Kf7 39. Qf5+
Kg8 40. Qh7+ 1/2-1/2

[Event "Vlissingen HZ op 02nd"]
[Site "Vlissingen"]
[Date "1998.07.16"]
[Round "6"]
[White "Van Wely, Loek"]
[Black "Glek, Igor Vladimirovich"]
[Result "1-0"]
[WhiteElo "2635"]
[BlackElo "2580"]
[Annotator "Glek,I"]
[PlyCount "77"]
[EventDate "1998.07.??"]
[EventType "swiss"]
[EventRounds "7"]
[EventCountry "NED"]
[SourceTitle "CBM 066"]
[Source "ChessBase"]
[SourceDate "1998.09.30"]
[SourceVersion "1"]
[SourceVersionDate "1998.09.30"]
[SourceQuality "1"]

1. d4 Nf6 2. c4 g6 3. Nc3 Bg7 4. e4 d6 5. Nf3 O-O 6. Be2 Na6 7. O-O c6 8. Be3
Ng4 9. Bg5 h6 10. Bh4 Nf6 11. e5 dxe5 12. Nxe5 Nc7 13. Qd2 Ne6 14. d5 (14. Rad1
c5 $13) 14... Nxd5 (14... cxd5 15. cxd5 Nc7 16. Rad1 Nfxd5 17. Nxd5 Qxd5 18.
Qxd5 Nxd5 19. Rxd5 Be6 20. Rb5 a6 21. Rxb7 Bxe5 22. Bxe7 Rfe8 $11) 15. Nxf7 (
15. Nxg6 Nxc3 16. Nxe7+ Kh8 17. Ng6+ fxg6 18. Bxd8 Rxd8 19. Qe3 Nxe2+ 20. Qxe2
Nd4 $17) (15. cxd5 Bxe5 16. Rfd1 Nf4 17. Bf3 (17. dxc6 Qxd2 18. Rxd2 g5 19. Bf3
bxc6 20. Bxc6 Rb8 21. Bg3 Rxb2 22. Rxb2 Bxc3 23. Rab1 Bxb2 24. Rxb2 e5 $17)
17... g5 18. Bg3 c5 $15) 15... Rxf7 16. cxd5 Nf4 $6 (16... Nd4 $1 $17 17. Bc4
$6 g5 18. Bg3 (18. d6 gxh4 19. Bxf7+ Kxf7) 18... cxd5 19. Bxd5 $2 e6 $19) 17.
Bc4 Be6 (17... g5 18. Bg3 Bxc3 19. bxc3 cxd5 20. Bxf4 Rxf4 21. Qxd5+ Qxd5 22.
Bxd5+ e6 (22... Kf8 $11) 23. Bf3 g4 24. Be2 $14) 18. Bxe7 Nh3+ (18... Rxe7 19.
Qxf4 cxd5 20. Bxd5 (20. Nxd5 Bxd5 21. Rad1 $16)) 19. gxh3 Rxe7 20. Rae1 Bxc3
21. bxc3 cxd5 $2 $138 (21... Bxd5 22. Bxd5+ cxd5 23. Qxh6 Rh7 $14) 22. Rxe6
Rxe6 23. Qxd5 Qxd5 24. Bxd5 Kf7 25. Re1 Rae8 26. Kg2 Kf6 27. Bxe6 Rxe6 28.
Rxe6+ Kxe6 29. Kf3 Kf5 30. c4 Ke5 (30... Kg5 31. Kg3 Kf5 32. h4 $18) 31. Ke3 h5
32. h4 Kf5 33. h3 b6 34. Kd4 Ke6 35. Ke4 a6 36. Kf4 Kf6 37. f3 b5 38. cxb5 axb5
39. a3 1-0

[Event "Olympiad-33"]
[Site "Elista"]
[Date "1998.10.12"]
[Round "13.3"]
[White "Zvjaginsev, Vadim"]
[Black "Piket, Jeroen"]
[Result "1-0"]
[WhiteElo "2650"]
[BlackElo "2605"]
[Annotator "Huzman,A"]
[PlyCount "53"]
[EventDate "1998.09.29"]
[EventType "team-swiss"]
[EventRounds "13"]
[EventCountry "RUS"]
[SourceTitle "CBM 068"]
[Source "ChessBase"]
[SourceDate "1999.02.01"]
[SourceVersion "1"]
[SourceVersionDate "1999.02.01"]
[SourceQuality "1"]
[WhiteTeam "Russia"]
[BlackTeam "Netherlands"]
[WhiteTeamCountry "RUS"]
[BlackTeamCountry "NED"]

1. Nf3 Nf6 2. c4 g6 3. Nc3 Bg7 4. d4 O-O 5. e4 d6 6. Be2 Bg4 7. Be3 Nfd7 8. Rc1
a6 9. Ng1 Bxe2 10. Ngxe2 c5 11. O-O (11. dxc5 Nxc5 12. b4 Ncd7 13. O-O Nc6 14.
Qb3 e6 15. Rfd1 Qe7 16. Rd2 Rfd8 17. Rcd1 Bf8 18. f4 Rac8 19. a3 Qe8 20. Bf2
Rc7 {1/2-1/2 Brestian,E-Hug,W/EU-chT 1989}) (11. a4 cxd4 12. Nxd4 Nc6 13. O-O
Rc8 14. b3 Re8 15. Qd2 Qa5 16. Rfd1 Qb4 17. Qc2 Nxd4 18. Bxd4 Bxd4 19. Rxd4 Nc5
20. Rb1 Ne6 21. Rd2 $14 {Hobuss,U-Landenbergue,C/Geneva op 1996/1/2-1/2 (71)})
11... cxd4 12. Nxd4 Nc6 13. b3 Rc8 14. Nde2 (14. Qd2 Qa5 15. Rfd1 $14) 14...
Qa5 {[%cal Yb7b5]} 15. a4 Nc5 {[%csl Rb3][%cal Ya5b4]} 16. Nd5 {[%cal Gb3b4]}
Qd8 $1 (16... e6 17. b4 Nxb4 18. Ne7+ Kh8 19. Nxc8 Rxc8 20. Qxd6 Nxe4 21. Qd7
$16) (16... Rfe8 17. Rb1 $14 {[%cal Gb3b4]} (17. b4 Nxb4 18. Bd2 Ncd3 19. Qb3
$1 (19. Rb1 Rxc4 20. Nxb4 Nxb4 21. Qb3 b5 $5 (21... Rxe4 22. Bxb4 $14) 22. Bxb4
Qxa4 $44) 19... b5 (19... Nxc1 20. Rxc1 $16 {[%cal Gd2a5]}) 20. axb5 Nxc1 21.
Rxc1 axb5 22. Bxb4 Qa4 $132)) 17. f3 e6 18. Ndc3 Nb4 $132 19. Rb1 $1 {[%cal
Gd1d2]} d5 $2 (19... f5 $5 20. exf5 Rxf5 21. Nd4 Rf7 $11) 20. exd5 exd5 21.
Nxd5 (21. cxd5 $2 Ncd3 22. Qd2 Nxd5 $15) 21... Nxd5 22. cxd5 Re8 23. Bf2 $16
Re5 24. Nc3 $1 {[%cal Gf2d4]} (24. d6 Rc6 25. Bg3 Rxd6 26. Bxe5 Rxd1 27. Rfxd1
Qe7 $11) 24... Rf5 (24... Rh5 25. g4 Re5 26. Bd4 $16) 25. g4 Rf4 $2 (25... Bxc3
26. gxf5 Qg5+ 27. Bg3 Qxf5 28. d6 $16) 26. Be3 $18 Nd3 (26... Rb4 27. Na2 Rb6
28. b4 $18) 27. Ne2 $1 1-0

[Event "Rubinstein Memorial 36th"]
[Site "Polanica Zdroj"]
[Date "1999.08.19"]
[Round "3"]
[White "Gurevich, Mikhail"]
[Black "Sutovsky, Emil"]
[Result "1-0"]
[WhiteElo "2643"]
[BlackElo "2587"]
[Annotator "Gurevich,M"]
[PlyCount "73"]
[EventDate "1999.08.17"]
[EventType "tourn"]
[EventRounds "9"]
[EventCountry "POL"]
[EventCategory "15"]
[SourceTitle "CBM 073"]
[Source "ChessBase"]
[SourceDate "1999.12.01"]
[SourceVersion "1"]
[SourceVersionDate "1999.12.01"]
[SourceQuality "1"]

1. c4 {Ftacnik. Huzman} g6 2. e4 Bg7 3. d4 d6 4. Nc3 Nf6 5. Nf3 O-O 6. Be2 Bg4
7. Be3 Nfd7 8. Qd2 c5 9. d5 a6 {TN} (9... Nb6 10. b3 Re8 11. O-O e6 12. h3 Bxf3
13. Bxf3 exd5 14. cxd5 Na6 15. Rac1 $14 {1-0 Ree,H-Dieks,R/Leeuwarden 1975/MCD
(34)}) (9... Qa5 10. Bh6 Bxf3 11. gxf3 f5 12. Bxg7 Kxg7 13. exf5 Rxf5 14. f4
Nf6 15. O-O-O Nbd7 16. Rde1 Re8 17. Rhg1 Kh8 18. Rg5 $14 {1/2-1/2 Sakaev,
K-Kovalevskaya,E/St.Petersburg 1995/CBM 46 ext (35)}) 10. a4 Qa5 11. O-O Nb6 {
[/\12...Qb4, 12...Bxf3] Ftacnik: 'Black hopes to get the maximum effect from
the pressure along the a1-h8 diagonal. He is even ready to play a strange
looking knight manouvre attacking c4 pawn.'} (11... Bxc3 {Ftacnik} 12. bxc3 Nb6
13. Bh6 Re8 14. Qf4 $40) 12. Qc2 $1 {[/\13.Bd2]} Bxf3 (12... Qb4 13. Nd1 $1
Bxf3 14. gxf3 N6d7 15. a5 $18 {/\16.Bd2}) (12... Bxc3 {Ftacnik} 13. bxc3 Bxf3
14. gxf3 N8d7 15. f4 $36) 13. gxf3 N8d7 14. f4 (14. Bd2 Nc8) 14... Nc8 (14...
Bxc3 $5 {Ftacnik} 15. bxc3 $14) 15. Kh1 $1 {[/\16.Rg1 |^>>]} Qd8 16. Rg1 Kh8
17. Rg3 {Ftacnik: 'The result of the opening is not encouraging. Black pieces
are passive and white has two bishops and attacking chances on the kingside.'}
(17. f5 $5) 17... e6 18. dxe6 fxe6 19. Rd1 Bh6 $6 (19... Bd4 $142 $5 {(/\20...
Qf6)} 20. Bg4 Qf6 21. Qd2 $14) (19... Qe7 $142 {Huzman} 20. Bd3 {[%cal Gf4f5]}
Bd4) (19... Rf7 {Ftacnik} 20. Bg4 $14) 20. Qd2 e5 {'?' Huzman. '?' Ftacnik.} (
20... Qh4 21. Rg4) (20... Rf7 $142 {Huzman} 21. e5 (21. Bg4 {Ftacnik} Qf6 22.
Rh3 Bxf4 23. Bxf4 Qxf4 24. Bxe6 Qxd2 25. Rxd2 Re7 26. Bxd7 Rxd7 27. Rhd3 $16)
21... dxe5 22. fxe5 Bxe3 23. Qxe3 Ne7 24. Bg4 Nf5 25. Bxf5 gxf5 26. Ne2 $1 $16
{[%csl Re6][%cal Ge2f4,Gd1d6]}) 21. fxe5 Bxe3 22. Qxe3 Nxe5 23. f4 Nc6 24. Nd5
N8e7 25. Qc3+ Nd4 {[#]} 26. Rxd4 $1 {Ftacnik: 'It is quite symbolic, that
white can "sacrifice" the exchange for the only active piece black is having
in this position.'} cxd4 27. Qxd4+ Kg8 28. Bg4 $1 (28. Nf6+ $5 Rxf6 29. Qxf6
Nc6 30. Qe6+ $36) 28... Kf7 (28... Nxd5 29. Be6+ Rf7 30. Bxf7+ Kxf7 31. Qxd5+
$18) 29. Rh3 $1 h5 (29... Nxd5 30. Rxh7+ Ke8 31. Qxd5 $18) 30. Qf6+ Ke8 31. Qe6
$1 $18 {[/\32.Rxh5; 32.Bxh5 ->]} Rxf4 (31... Rh8 32. f5 $18) 32. Bxh5 $1 {
Ftacnik: 'Opening the h file, black is completely paralysed despite a nominal
material advantage.'} (32. Nxf4 Qa5 33. Be2 $18) 32... gxh5 33. Rxh5 Rf1+ 34.
Kg2 Rf8 35. Rh7 Rg8+ 36. Kf3 Rf8+ 37. Ke2 1-0